Využitie vykurovacích plynov

Podrobná bibliografia
Médium: Kniha
Jazyk:slovenčina
čeština
Fyzický popis:83, [2] s. 4°
Vydavateľské údaje: Bratislava Dom techniky SVTS 1973
Predmet:

MARC

LEADER 00000cam a2200000 a 4500
001 vtls008344804
003 SK-MaSNL
005 20260301123238.0
008 251124s1973 xo oda f 000 0 slo
015 |a SNBA1973/05-01136 
035 |a SK01SNK19730037021 
035 |a SKM000039484 
040 |a SNK  |b slo  |c SNK  |e AACR2 
041 1 |a slo  |a cze 
044 |a xo  |c SK 
080 |a 662.76(082)=854=850  |2 1981 
245 1 0 |a Využitie vykurovacích plynov 
260 |a Bratislava  |b Dom techniky SVTS  |c 1973 
300 |a 83, [2] s.  |c 4° 
500 |a Ilustr. Pozn. Tb. Fot. Grafy. Schémy. Prísp. slov. a čes. 
563 |a 300 výtl. 
650 0 7 |a plyny vykurovacie  |x zborníky  |2 SNK  |9 469956 
655 7 |a zborníky  |2 SNKPH  |9 70165 
958 |a OND 
958 |a RM 
958 |a RK 
958 |a ZB 
999 |c 735554  |d 737484 
952 |a SNK  |b SNK  |y PREZ  |7 0  |p 17A0898166  |o snkSB 19491  |i snkKSP 4058/73  |0 0  |1 0  |4 0  |d 2015-11-18  |l 0  |r 2025-03-20 00:00:00  |w 2026-02-23 
952 |a SNK  |b SNK  |y VYP  |7 0  |o snkSB 19491 D1  |i snkD 3195/90  |8 1  |0 0  |1 0  |4 0  |d 2015-11-18  |l 0  |r 2026-02-23 22:43:09  |w 2026-02-23